000 00705nam a22001817i 4500
999 _c23211
_d23211
003 AR-CdUCM
008 250130b20242024 pe||||| |||| 00| 0 spa d
040 _aMUNICIPALIDAD PROVINCIAL DEL CUSCO
_cBIBLIOTECA MUNICIPAL DEL CUSCO
041 _hspa
082 _a869.5661 / R63F
_bR63F
100 _aRíos Zamalloa, Jorge
_92949
245 _aFeliciana Chuqtaya /
260 _aCusco :
_bEditorial Pirwa
_c2024
300 _a105 páginas. :
_c19x14 cm.
505 _aLa camarada Feliciana Chuqtaya -- Silverio Champi -- El grito indómito de Fernando T. A. -- El psicópata libertario -- El poete que se enamoró -- El diálogo de la vida -- La envidia
942 _2ddc
_cLIBROS
945 _apbjr
_d30-01-2025